Biện pháp quản lý hoạt động giáo dục ngoài giờ lên lớp của sinh viên ở trường đại học Phạm Văn Đồng tỉnh Quảng Ngãi
Cơ sở lý luận về quản lý hoạt động giáo dục ngoài giờ lên lớp của sinh viên ở trường đại học; Thực trạng quản lý hoạt động ngoài giờ lên lớp của sinh viên trường đại học Phạm Văn Đồng; Các biện pháp quản lý hoạt động giáo dục ngoài giờ lên lớp của sinh viên trường đại học Phạm Văn Đồng......
Spremljeno u:
| Glavni autor: | |
|---|---|
| Daljnji autori: | |
| Format: | Knjiga |
| Jezik: | Vietnamese |
| Izdano: |
Đà Nẵng
Đại học Đà Nẵng
2009
|
| Teme: | |
| Oznake: |
Dodaj oznaku
Bez oznaka, Budi prvi tko označuje ovaj zapis!
|
| Thư viện lưu trữ: | Mạng thư viện Đại học Đà Nẵng |
|---|
| LEADER | 01822nam a2200361 4500 | ||
|---|---|---|---|
| 001 | 000010757 | ||
| 003 | 6972 | ||
| 005 | 20111220101223.0 | ||
| 008 | 111220s2009 viesd | ||
| 041 | |a vie | ||
| 072 | |a Luận văn Thạc sĩ Khoa học | ||
| 082 | |a 378.3 |b NG-H | ||
| 100 | |a Nguyễn Thanh Hải | ||
| 245 | |a Biện pháp quản lý hoạt động giáo dục ngoài giờ lên lớp của sinh viên ở trường đại học Phạm Văn Đồng tỉnh Quảng Ngãi |c Nguyễn Thanh Hải | ||
| 260 | |a Đà Nẵng |b Đại học Đà Nẵng |c 2009 | ||
| 300 | |a 95 tr. |c 29 cm |e Tóm tắt | ||
| 500 | |a Luận văn thạc sĩ Khoa học Quản lý giáo dục. Mã số: 60.14.05 | ||
| 520 | |a Cơ sở lý luận về quản lý hoạt động giáo dục ngoài giờ lên lớp của sinh viên ở trường đại học; Thực trạng quản lý hoạt động ngoài giờ lên lớp của sinh viên trường đại học Phạm Văn Đồng; Các biện pháp quản lý hoạt động giáo dục ngoài giờ lên lớp của sinh viên trường đại học Phạm Văn Đồng... | ||
| 653 | |a Hoạt động | ||
| 653 | |a Giáo dục | ||
| 653 | |a Luận văn Thạc sĩ Quản lý giáo dục | ||
| 653 | |a Trường Đại học Phạm Văn Đồng | ||
| 700 | |a Trần Văn Hiếu |c TS |e Hướng dân | ||
| OWN | |a LSP | ||
| AVA | |a UDN50 |b LSP |d 378.3 NG-H |e available |t Error 5001 Not defined in file expand_doc_bib_avail. |f 1 |g 0 |h N |i 0 |k 1 | ||
| 999 | |a From the UDN01 | ||
| AVA | |a UDN50 |b LSP |d 378.3 NG-H |e available |t Error 5001 Not defined in file expand_doc_bib_avail. |f 1 |g 0 |h N |i 0 |k 1 | ||
| TYP | |a Monograph | ||
| TYP | |a Printed language | ||
| 980 | |a Mạng thư viện Đại học Đà Nẵng | ||